Detalles MARC
| 000 -CABECERA |
| campo de control de longitud fija |
01626nam a2200241 a 4500 |
| 001 - NÚMERO DE CONTROL |
| campo de control |
000012402 |
| 005 - FECHA Y HORA DE LA ÚLTIMA TRANSACCIÓN |
| campo de control |
20250129182519.0 |
| 008 - DATOS DE LONGITUD FIJA--INFORMACIÓN GENERAL |
| campo de control de longitud fija |
091112s2001 dr a 000 j spa d |
| 020 ## - NÚMERO INTERNACIONAL ESTÁNDAR DEL LIBRO |
| Número Internacional Estándar del Libro |
9993484660 |
| 040 ## - FUENTE DE LA CATALOGACIÓN |
| Centro catalogador/agencia de origen |
DO-SdBNP |
| Lengua de catalogación |
spa |
| Centro/agencia transcriptor |
BNPHU |
| 082 ## - NÚMERO DE LA CLASIFICACIÓN DECIMAL DEWEY |
| Número de clasificación |
RD863.5 |
| Número de documento/Ítem |
P925c, 2000 |
| 049 ## - FONDOS LOCALES (OCLC) |
| Fondos de biblioteca |
BNPD |
| 111 2# - ENTRADA PRINCIPAL--NOMBRE DE CONGRESO/REUNIÓN |
| Nombre de congreso/reunión o jurisdicción como elemento de entrada |
Premio Casa de Teatro |
| Fecha del congreso/reunión |
(2000 : |
| Sede del congreso/Lugar de la reunión |
Santo Domingo) |
| 9 (RLIN) |
29095 |
| 245 10 - MENCIÓN DE TÍTULO |
| Título |
Cuentos premiados Casa de Teatro 2000 / |
| Mención de responsabilidad, etc. |
edición Plinio Chahín. |
| 260 ## - PUBLICACIÓN, DISTRIBUCIÓN, ETC. |
| Lugar de publicación, distribución, etc. |
Santo Domingo : |
| Nombre del editor, distribuidor, etc. |
Taller, |
| Fecha de publicación, distribución, etc. |
2001. |
| 300 ## - DESCRIPCIÓN FÍSICA |
| Extensión |
110 p. : |
| Otras características físicas |
il. ; |
| Dimensiones |
21 cm. |
| 505 0# - NOTA DE CONTENIDO CON FORMATO |
| Nota de contenido con formato |
Primer premio -- "Luz de sueños" / |
| Mención de responsabilidad |
Antonio Luis Veras- Seudonimo: Azul y negro -- |
| Título |
Segundo premio -- "La impecable visión de la inocencia" / |
| Mención de responsabilidad |
Pedro Camilo - Seudonimo: Don Yorgos Seferis -- |
| Título |
Tercer premio -- "Quizás con las nubes de la tarde" / |
| Mención de responsabilidad |
José Acosta - Seudonimo: Tertius -- |
| Título |
Menciones -- "Macho blusa" / |
| Mención de responsabilidad |
Jeannette Miller - Seudonimo: Soprano -- |
| Título |
"Las ñiñas que comían cerezas para espantar la muerte"/ |
| Mención de responsabilidad |
Pastor de Moya - Seudonimo: Ystad -- |
| Título |
"Un día en la ciudad" / |
| Mención de responsabilidad |
Juan Dicent Ortiz - Seudonimo: Treviranus -- |
| Título |
"Los gatos, fetiches y otras orgías malditas" / |
| Mención de responsabilidad |
Roberto ortiz - Seudonimo: El extranjero -- |
| Título |
"El compromiso"/ |
| Mención de responsabilidad |
Blanca Kais Barinas - Seudonimo: Flor de palma -- |
| Título |
"En busca de ella" / |
| Mención de responsabilidad |
Liliana Arendar - Seudonimo: Lía Caldas -- |
| Título |
"La otra versión del sueño" / |
| Mención de responsabilidad |
Roberto Sánchez - Seudonimo: Pablo Carpentier. |
| 650 #0 - PUNTO DE ACCESO ADICIONAL DE MATERIA--TÉRMINO DE MATERIA |
| Término de materia o nombre geográfico como elemento de entrada |
Cuentos dominicanos |
| 9 (RLIN) |
176 |
| 650 #0 - PUNTO DE ACCESO ADICIONAL DE MATERIA--TÉRMINO DE MATERIA |
| Término de materia o nombre geográfico como elemento de entrada |
Literatura dominicana. |
| 9 (RLIN) |
67 |
| 700 1# - PUNTO DE ACCESO ADICIONAL--NOMBRE DE PERSONA |
| Nombre de persona |
Chahín, Plinio, |
| Fechas asociadas al nombre |
1959- |
| Término indicativo de función/relación |
ed. |
| 9 (RLIN) |
24881 |
| 710 2# - PUNTO DE ACCESO ADICIONAL--NOMBRE DE ENTIDAD CORPORATIVA |
| Nombre de entidad corporativa o nombre de jurisdicción como elemento de entrada |
Casa de Teatro (República Dominicana) |
| 9 (RLIN) |
26649 |
| 910 ## - DATOS DE OPCIÓN DEL USUARIO (OCLC) |
| Datos de opción del usuario |
Validado. Control de calidad MFF |